Deep learning for natural language processing: (Record no. 6890)
[ view plain ]
| 000 -LEADER | |
|---|---|
| fixed length control field | 00668nam a22002177a 4500 |
| 003 - CONTROL NUMBER IDENTIFIER | |
| control field | OSt |
| 005 - DATE AND TIME OF LATEST TRANSACTION | |
| control field | 20220107122901.0 |
| 008 - FIXED-LENGTH DATA ELEMENTS--GENERAL INFORMATION | |
| fixed length control field | 211231b xxu||||| |||| 00| 0 eng d |
| 020 ## - INTERNATIONAL STANDARD BOOK NUMBER | |
| International Standard Book Number | 9781484246016 |
| 040 ## - CATALOGING SOURCE | |
| Transcribing agency | KUDSIT |
| 100 ## - MAIN ENTRY--PERSONAL NAME | |
| Personal name | Goyal, Palash |
| 9 (RLIN) | 18843 |
| 245 ## - TITLE STATEMENT | |
| Title | Deep learning for natural language processing: |
| Remainder of title | Creating neural networks with Python |
| 260 ## - PUBLICATION, DISTRIBUTION, ETC. | |
| Place of publication, distribution, etc. | New Delhi, |
| Name of publisher, distributor, etc. | Apress/ Replika Press Pvt. Ltd., |
| Date of publication, distribution, etc. | 2018. |
| 300 ## - PHYSICAL DESCRIPTION | |
| Extent | xvii, 277 p. |
| 650 ## - SUBJECT ADDED ENTRY--TOPICAL TERM | |
| Topical term or geographic name entry element | COMPUTER SCIENCE |
| 9 (RLIN) | 18844 |
| 650 ## - SUBJECT ADDED ENTRY--TOPICAL TERM | |
| Topical term or geographic name entry element | ARTIFICIAL INTELLIGENCE |
| 9 (RLIN) | 18845 |
| 650 ## - SUBJECT ADDED ENTRY--TOPICAL TERM | |
| Topical term or geographic name entry element | OPEN SOURCE SOFTWARE |
| 9 (RLIN) | 18846 |
| 700 ## - ADDED ENTRY--PERSONAL NAME | |
| Personal name | Pandey, Sumit |
| 9 (RLIN) | 18847 |
| 700 ## - ADDED ENTRY--PERSONAL NAME | |
| Personal name | Jain, Karan |
| 9 (RLIN) | 18848 |
| 942 ## - ADDED ENTRY ELEMENTS (KOHA) | |
| Source of classification or shelving scheme | Dewey Decimal Classification |
| Koha item type | Books |
| Withdrawn status | Lost status | Source of classification or shelving scheme | Damaged status | Not for loan | Collection code | Home library | Current library | Shelving location | Date acquired | Cost, normal purchase price | Total Checkouts | Full call number | Barcode | Date last seen | Date last checked out | Price effective from | Koha item type |
|---|---|---|---|---|---|---|---|---|---|---|---|---|---|---|---|---|---|
| Dewey Decimal Classification | Non Fiction | Kerala University of Digital Sciences, Innovation and Technology Knowledge Centre | Kerala University of Digital Sciences, Innovation and Technology Knowledge Centre | Computer Science | 31/12/2021 | 622.00 | 4 | 006.35 GOY/D | 5844 | 09/06/2025 | 09/05/2025 | 31/12/2021 | Books | ||||
| Dewey Decimal Classification | Kerala University of Digital Sciences, Innovation and Technology Knowledge Centre | Kerala University of Digital Sciences, Innovation and Technology Knowledge Centre | Computer Science | 22/12/2022 | 621.00 | 6 | 006.35 GOY/D;1 | 7035 | 03/01/2025 | 03/09/2024 | 22/12/2022 | Books |